| 000 | 01299nam a2200361 i 4500 | ||
|---|---|---|---|
| 001 | 196275 | ||
| 003 | ES-MaACL | ||
| 005 | 20250513063033.0 | ||
| 008 | 240823s1995 sp | ||| ||spa | ||
| 016 | 7 |
_abimoBNE19950350941 _2SpMaBN |
|
| 017 |
_aM 2318-1995 _bOficina Depósito Legal Madrid |
||
| 020 | _a8460518574 | ||
| 035 | _a(OCoLC)431292976 | ||
| 035 | _a(SpMaBN)bimo0000460188 | ||
| 035 | _a991022760919708606 | ||
| 040 |
_aSpMaBN _bspa _cSpMaBN _erdc _dES-MaACL |
||
| 080 | _a794.362 | ||
| 100 | 1 |
_aPerán Elvira, Antonio, _d1954- _9176407 _eaut |
|
| 245 | 1 | 4 |
_aUna partida de dominó / _cAntonio Perán Elvira. |
| 250 | _a1ª ed. | ||
| 260 |
_a[Madrid (c/ Fuencarrral, 104, 5º)] : _bA. Perán Elvira, _cD.L. 1995. |
||
| 300 |
_a414 p. : _bil. col. ; _c23 cm. |
||
| 336 |
_2rdacontent _atexto |
||
| 337 |
_2rdamedia _asin mediación |
||
| 338 |
_2rdacarrier _avolumen |
||
| 650 | 0 |
_aDominó _2embne _9238613 |
|
| 852 |
_aES-MaACL _bR.153303 _cDEPOJ _jN-9329 _hDonación: Antonio Perán Elvira _xEncuadernación cartoné _9205400 |
||
| 903 |
_9176407 _aPerán Elvira, Antonio, _d1954- _ednr |
||
| 942 |
_cMONOGRAFIA _n0 |
||
| 999 |
_c196275 _d196275 |
||